书目信息 |
| 题名: |
御手洗洁的问候
|
|
| 作者: | 岛田庄司 , 日岛田庄司 著 ;王鹏帆 , 陈默 译 | |
| 分册: | ||
| 出版信息: | 北京 新星出版社 2009.03 |
|
| 页数: | 274页 | |
| 开本: | 22cm | |
| 丛书名: | 午夜文库 | |
| 单 册: | ||
| 中图分类: | I313.45 | |
| 科图分类: | ||
| 主题词: | 侦探小说--日本--现代 , 长篇小说 , 长篇小说--日本--现代 , 侦探小说 | |
| 电子资源: | ||
| ISBN: | 978-7-80225-638-5 | |
| 000 | 01054oam2 2200337 450 | |
| 001 | 1156945745 | |
| 005 | 20111207155014.65 | |
| 010 | @a978-7-80225-638-5@dCNY25.00 | |
| 090 | @aI313.45@bdtz | |
| 096 | @aI313.45@bdtz | |
| 100 | @a20091218d2009 em y0chiy50 ea | |
| 101 | 1 | @achi@cjpn |
| 102 | @aCN@b110000 | |
| 105 | @ay z 000ay | |
| 200 | 1 | @a御手洗洁的问候@b专著@f日岛田庄司著@Fri dao tian zhuang si zhu@g陈默,王鹏帆译@9yu shou xi jie de wen hou |
| 210 | @a北京@c新星出版社@d2009.03 | |
| 215 | @a274页@d22cm | |
| 225 | 2 | @a午夜文库@i大师系列@v083 |
| 300 | @a岛田庄司推理小说 吉敷竹史系列 | |
| 462 | 0 | @1001003890119 |
| 606 | 0 | @a侦探小说@y日本@z现代 |
| 606 | 0 | @a长篇小说 |
| 606 | 0 | @a长篇小说@y日本@z现代 |
| 606 | 0 | @a侦探小说 |
| 690 | @aI313.45@v4 | |
| 701 | 0 | @c(日)@a岛田庄司@c(Shimada Soji@f1948.10~)@4著@9dao tian zhuang si |
| 701 | 0 | @a日岛田庄司@Ari dao tian zhuang si@4著 |
| 702 | 0 | @a王鹏帆@4译@9wang peng fan |
| 702 | 0 | @a陈默@4译@9chen mo |
| 801 | 0 | @aCN@bCL@c20090429 |
| 905 | @aZUCC@dI313.45@eD1903 | |
| 御手洗洁的问候/日岛田庄司著/陈默,王鹏帆译.-北京:新星出版社,2009.03 |
| 274页;22cm.-(午夜文库.大师系列;083) |
| 岛田庄司推理小说 吉敷竹史系列 |
| ISBN 978-7-80225-638-5:CNY25.00 |
| ● |
| 相关链接 |
|
|
|
正题名:御手洗洁的问候
索取号:I313.45/D1903
 
预约/预借
| 序号 | 登录号 | 条形码 | 馆藏地/架位号 | 状态 | 备注 |
| 1 | 827492 | 208274927 | 文学库116/116文学库 14排3列1层/ [索取号:I313.45/D1903] | 在馆 | |
| 2 | 827493 | 208274936 | 文学库116/116文学库 14排3列1层/ [索取号:I313.45/D1903] | 在馆 | |
| 3 | 827494 | 208274945 | 社科二线422/422社科库 6排2列4层/ [索取号:I313.45/D1903] | 在馆 |